| 000 | 00609nam a22002052 4500 | ||
|---|---|---|---|
| 001 | 0000020102 | ||
| 005 | 20151217152207.0 | ||
| 008 | 110701s xx 000 0 eng d | ||
| 020 | _a0674306899 : | ||
| 040 |
_aKABU _cKABU |
||
| 100 | 1 |
_aAdams, James L. _@0000180173 |
|
| 245 | 1 | 0 |
_aFlying buttresses, entropy, and o-rings / _cJames L. Adams. |
| 250 | _a1st ed. | ||
| 260 |
_aCambridge : _bHavard University Press, _c1991. |
||
| 300 | _a264 p. | ||
| 650 | 0 |
_aEngineering _xPopular works. _@0000180174 |
|
| 852 | 1 | _9p400 KES | |
| 908 | _a110701 | ||
| 950 | _@1 | ||
| 999 |
_c9184 _d9184 |
||